000 00575nam a2200193 i 4500
001 86605
003 ES-MaACL
005 20230906175503.0
007 t|
008 041214s1970 sp ||||1| spa d
100 1 _aKillian, Hans.
_968031
245 1 0 _aMientras late el corazón /
_cHans Killian ; [traducción, Jesús Ruiz ; revisón, Diego Azpeitia].
250 _a[1ª ed.].
260 _aBarcelona :
_bNoguer,
_c[1970]
300 _a288 p. ;
_c22 cm.
700 1 _aRuiz, Jesús.
_9100613
700 1 _aAzpeitia, Diego.
_924341
852 _aES-MaACL
_jC-38633
_bR.74721
999 _c86605
_d86605